00340nam a22001337a 450000500170000000800410001703700090005804000150006704100080008210000210009024500370011126000490014830000090019720260408134310.0260408b |||||||| |||| 00| 0 eng d cDSWL aDSWLcDSWL heng aShumaher, Shivam aDesign thinking or social change aNew Delhi,bDepartment of Social Work,c2018 a154p